|
|
|
|
| LEADER |
00000naa a2200000uu 4500 |
| 001 |
vtls010954434 |
| 003 |
SK-MaSNL |
| 005 |
20260302140840.0 |
| 008 |
210906|1999 xo |||||||||||||||||slo| |
| 015 |
|
|
|a SNBRA
|
| 035 |
|
|
|a (urnnbn)urn:nbn:sk:snk:ar-a0bmeh
|
| 035 |
|
|
|a (uuid)7aa95a22-6348-43f2-b675-f99f68002c46
|
| 035 |
|
|
|a urn:nbn:sk:snk-aauedi
|
| 040 |
|
|
|a SNKBUCL
|b slo
|c SNKBUCL
|e AACR2
|
| 041 |
0 |
|
|a slo
|
| 044 |
|
|
|a xo
|c SK
|
| 100 |
1 |
|
|a Gamcová, Mária,
|d 1965-
|4 aut
|9 237704
|
| 245 |
1 |
0 |
|a SATELITNÉ ATM PRE ŠIROKOPÁSMOVÉ SIETE ISDN
|c Mária Gamcová, Stanislav Marchevský
|
| 700 |
1 |
|
|a Marchevský, Stanislav,
|d 1952-
|4 aut
|9 8153
|
| 773 |
0 |
|
|t ATMTU '99 - ATM technology users symposium with international participation
|d Košice : Elfa, 1999, 1999
|g S. 280-284
|z 8088964024
|
| 958 |
|
|
|a OND
|
| 958 |
|
|
|a article11
|
| 958 |
|
|
|a chapter
|
| 999 |
|
|
|c 1332721
|d 1334651
|